Normal view
MARC view
- الشرنوبي، محمد عبد الرحمن
Entry Personal Name
001 - CONTROL NUMBER
- control field: 36801
003 - CONTROL NUMBER IDENTIFIER
- control field: JO-AjAnu
005 - DATE AND TIME OF LATEST TRANSACTION
- control field: 20230606080136.0
008 - FIXED-LENGTH DATA ELEMENTS
- fixed length control field: 230606|| aca||aabn | a|a d
040 ## - CATALOGING SOURCE
- Original cataloging agency: JO-AjAnu
- Transcribing agency: JO-AjAnu
100 ## - HEADING--PERSONAL NAME
- Personal name: الشرنوبي، محمد عبد الرحمن
670 ## - SOURCE DATA FOUND
- Source citation: Work cat.: (JO-AjAnu)18890: الشرنوبي، محمد عبد الرحمن, author, خرائط التوزيعات البشرية: الخرائط الاقتصادية - الخرائط السكانية - خرائط السكن - الرسوم البيانية